MARC details
| 000 -LEADER |
| fixed length control field |
04433cam a22004218i 4500 |
| 001 - CONTROL NUMBER |
| control field |
21529160 |
| 003 - CONTROL NUMBER IDENTIFIER |
| control field |
CSPC |
| 005 - DATE AND TIME OF LATEST TRANSACTION |
| control field |
20250904154231.0 |
| 008 - FIXED-LENGTH DATA ELEMENTS--GENERAL INFORMATION |
| fixed length control field |
200513s2020 enk b 001 0 eng |
| 010 ## - LIBRARY OF CONGRESS CONTROL NUMBER |
| LC control number |
2020022190 |
| 020 ## - INTERNATIONAL STANDARD BOOK NUMBER |
| International Standard Book Number |
9780367543860 |
| Qualifying information |
(hbk) |
| 035 ## - SYSTEM CONTROL NUMBER |
| System control number |
21529160 |
| 040 ## - CATALOGING SOURCE |
| Original cataloging agency |
DLC |
| Language of cataloging |
eng |
| Description conventions |
rda |
| Transcribing agency |
DLC |
| Modifying agency |
CSPC |
| 042 ## - AUTHENTICATION CODE |
| Authentication code |
pcc |
| 050 00 - LIBRARY OF CONGRESS CALL NUMBER |
| Classification number |
HD38.5 |
| Item number |
.S8873 2020 |
| 082 00 - DEWEY DECIMAL CLASSIFICATION NUMBER |
| Classification number |
746.920687 |
| Item number |
Su768 |
| Edition number |
23 |
| 245 00 - TITLE STATEMENT |
| Title |
Supply chain management and logistics in the global fashion sector : |
| Remainder of title |
the sustainability challenge / |
| Statement of responsibility, etc. |
edited by Rajkishore Nayak. |
| 263 ## - PROJECTED PUBLICATION DATE |
| Projected publication date |
2011 |
| 264 #1 - PRODUCTION, PUBLICATION, DISTRIBUTION, MANUFACTURE, AND COPYRIGHT NOTICE |
| Place of production, publication, distribution, manufacture |
Abingdon, Oxon ; |
| -- |
New York, NY : |
| Name of producer, publisher, distributor, manufacturer |
Routledge, |
| Date of production, publication, distribution, manufacture, or copyright notice |
2020. |
| 300 ## - PHYSICAL DESCRIPTION |
| Extent |
xiii, 286 pages : |
| Other physical details |
illustrations ; |
| Dimensions |
24 cm. |
| 336 ## - CONTENT TYPE |
| Content type term |
text |
| Content type code |
txt |
| Source |
rdacontent |
| 337 ## - MEDIA TYPE |
| Media type term |
unmediated |
| Media type code |
n |
| Source |
rdamedia |
| 338 ## - CARRIER TYPE |
| Carrier type term |
volume |
| Carrier type code |
nc |
| Source |
rdacarrier |
| 490 0# - SERIES STATEMENT |
| Series statement |
Sustainability in textiles |
| 504 ## - BIBLIOGRAPHY, ETC. NOTE |
| Bibliography, etc. note |
Includes bibliographical references and index. |
| 505 0# - FORMATTED CONTENTS NOTE |
| Formatted contents note |
Part I. Introduction to sustainable fashion supply chain -- Sustainable supply chain management: challenges from a fashion perspective -- Examining globalisation, climate change and the fashion industry -- Part II. Fashion logistics and sustainability -- Sustainable approaches in fashion logistics: a step forward to sustainability -- The role of logistics service providers in sustainable fashion supply chain -- Part III. Recent trends in the fashion supply chain -- Sustainable fashion material procurement -- Sustainable approaches in warehousing and inventory management in the fashion industry -- Transportation and logistics for a sustainable fashion sector -- Standards, organizations and lean concept in managing sustainable fashion supply chains -- Reverse logistics in the sustainable fashion supply chain -- Risks, case studies and retail sustainability -- Risks involved in the sustainable fashion supply chain -- Case studies on sustainability for various fashion brands -- Fashion retail sustainability, practices for the integration of sustainability into the apparel retail supply chain. |
| 520 ## - SUMMARY, ETC. |
| Summary, etc. |
"The ways in which we design, make, transport and then discard clothes has a huge social and environmental impact. This book covers responsible business practices and sustainability in the fashion industry from the raw fibre stage, through production, to the point of customer consumption. The concepts of responsibility and sustainability are fast becoming essential factors in business decisions and Responsible Supply Chain Management leads the reader through the multiple stages in the supply chain that can impact on business strategy. A perfect resource for students studying fashion and for those working in the sector who wish to identify the latest thinking as they plan sustainability strategies, the book is divided into four clear sections. The first introductory part of the book examines sustainability in the supply chain by identifying the main three pillars of sustainability (social, economic and environmental) and considers which fashion brands are innovating in this area. Part two looks at fashion logistics and supply chain operations by assessing fibre, yarn and fabric considerations, logistical issues for both garment production, and service delivery, stock control, transportation, barriers and risks. The third part develops the logistics theme further by identifying recent trends and case studies that highlight agility and lean management structures, and the application of transparency enhancing RFID. This section further applies modelling and simulation techniques from the automotive and pharmaceutical industries to the fashion sector. The final part considers how sustainability can be embedded into the multi-tiered fashion supply chain and its selling environment"-- |
| Assigning source |
Provided by publisher. |
| 650 #0 - SUBJECT ADDED ENTRY--TOPICAL TERM |
| Topical term or geographic name entry element |
Business logistics. |
| 650 #0 - SUBJECT ADDED ENTRY--TOPICAL TERM |
| Topical term or geographic name entry element |
Fashion merchandising. |
| 650 #0 - SUBJECT ADDED ENTRY--TOPICAL TERM |
| Topical term or geographic name entry element |
Sustainability. |
| 650 #0 - SUBJECT ADDED ENTRY--TOPICAL TERM |
| Topical term or geographic name entry element |
Branding (Marketing). |
| 700 1# - ADDED ENTRY--PERSONAL NAME |
| Personal name |
Nayak, Rajkishore, |
| Relator term |
editor. |
| 776 08 - ADDITIONAL PHYSICAL FORM ENTRY |
| Relationship information |
Online version: |
| Title |
Supply chain management and logistics in the global fashion sector |
| Place, publisher, and date of publication |
New York : Routledge, 2020. |
| International Standard Book Number |
9781003089063 |
| Record control number |
(DLC) 2020022191 |
| 906 ## - LOCAL DATA ELEMENT F, LDF (RLIN) |
| a |
7 |
| b |
cbc |
| c |
orignew |
| d |
1 |
| e |
ecip |
| f |
20 |
| g |
y-gencatlg |
| 942 ## - ADDED ENTRY ELEMENTS (KOHA) |
| Source of classification or shelving scheme |
Dewey Decimal Classification |
| Koha item type |
Books |
| Edition |
23 |
| Classification part |
746.920687 |
| Item part |
Su768 |
| Call number prefix |
GRD |
| Call number suffix |
2020 |
| Suppress in OPAC |
No |